|
|
|
|
| LEADER |
00000nab a22000001a 4500 |
| 001 |
vtls009301624 |
| 003 |
SK-MaSNL |
| 005 |
20260304222827.0 |
| 008 |
080606d19380809xo |r|p|||| |000 b|slo |
| 015 |
|
|
|a SNBRRBVU1918-1938
|
| 015 |
|
|
|a SNBRB1918-1938
|
| 038 |
|
|
|a SNKBUCL
|
| 038 |
|
|
|a SNKBUVU
|
| 040 |
|
|
|a SNKBUVU
|b slo
|c SNKBUCL
|e AACR2
|
| 041 |
0 |
|
|a slo
|
| 044 |
|
|
|a xo
|c SK
|
| 080 |
|
|
|a 75.071.1
|2 1997
|
| 245 |
0 |
0 |
|a "Hloupé "hrdinství" bratislavského popeláře"
|b provokácia v Senci. Inzultovali slovenského umelca
|
| 520 |
|
|
|a Správa o neprístojnostiach na národopisných slávnostiach v Senci 7.8.1938, kde inzultovali slov. maliara Jozefa Ilečka
|
| 600 |
1 |
7 |
|a Ilečko, Jozef,
|d 1909-1986
|2 MM
|9 5601
|
| 650 |
0 |
7 |
|a slovenskí maliari
|2 snkbucl
|9 279748
|
| 651 |
|
7 |
|a Senec (Slovensko)
|2 MM
|9 175132
|
| 655 |
|
7 |
|a biografické poznámky
|2 MM
|9 409835
|
| 773 |
0 |
|
|t Slovák
|g Roč. 20, č. 179 (9.8.1938), s. 3
|
| 852 |
|
|
|a SNK
|b KIS3GCP
|
| 910 |
|
|
|a snkrbvumm
|
| 958 |
|
|
|a VY
|
| 958 |
|
|
|a BX
|
| 999 |
|
|
|c 3165421
|d 3167351
|